000 00303nam a22001217a 4500
008 181129b xxu||||| |||| 00| 0 eng d
041 _aeng
080 _a043.3
100 _a0
101 _aBTH-MBE
245 _aKredite- Institucione Financiare Bankare dhe Jobankare
_cHaxhimurati, A
942 _2udc
_cBK
999 _c52636
_d52636